Countries and capitals - Statistics

General Stats
  • This quiz has been taken 74 times
    42 since last reset
  • The average score is 20 of 24
Answer Stats
Hint Answer % Correct
Turkey Ankara
97%
Switzerland Bern
97%
Denmark Copenhagen
97%
Hungary Budapest
94%
Egypt Cairo
94%
Peru Lima
94%
Russia Moscow
94%
Italy Rome
94%
Austria Vienna
94%
Thailand Bangkok
91%
Finland Helsinki
91%
Jamaica Kingston
91%
Kenya Nairobi
88%
Yemen Sana'a
85%
Qatar Doha
82%
Georgia Tbilisi
82%
Burkina Faso Ouagadougou
79%
Libya Tripoli
79%
Slovenia Ljubljana
76%
Uzbekistan Tashkent
73%
Nigeria Abuja
70%
Zambia Lusaka
64%
Central African Republic Bangui
61%
Comoros Moroni
55%
No matching quizzes found
Score Distribution
Percent of People with Each Score
Percentile by Number Answered
Your Score History
You have not taken this quiz since the last reset